Statistics for Stone Temple Pilots - Band Quiz

Click here to take the quiz!

General Stats

  • This quiz has been taken 28 times
  • The average score is 17 of 29

Answer Stats

QuestionAnswer% Correct
Lead vocalsScott Weiland
90%
Song that won a Grammy, an MTV and a Billboard Music AwardPlush
86%
Year in which the band was formed1989
81%
Album (1992)Core
81%
GuitarDean DeLeo
81%
Album (1994)Purple
81%
Bass, backing vocalsRobert DeLeo
81%
Lead vocalsChester Bennington
67%
Top 3 Billboard Alternative Rock Tracks (U.S.)Interstate Love Song
67%
Band the second singer was more famous for being in ("Numb")Linkin Park
67%
Album (1999)No. 4
67%
Album (1996)Tiny Music... Songs From The Vatican Gift Shop
67%
Top 3 Billboard Alternative Rock Tracks (U.S.)Vasoline
67%
Supergroup the original lead singer was part of (alongside Slash and others)Velvet Revolver
67%
Lead vocalsJeff Gutt
62%
First singleSex Type Thing
62%
Top 3 Billboard Alternative Rock Tracks (U.S.)Trippin' On A Hole In A Paper Heart
62%
DrumsEric Kretz
57%
Top 3 Billboard Alternative Rock Tracks (U.S.)Sour Girl
57%
Album (2010)Stone Temple Pilots
57%
Album (2018)Stone Temple Pilots
57%
City in California where the band was formedSan Diego
52%
Album (2001)Shangri-La Dee Da
38%
Top 3 Billboard Alternative Rock Tracks (U.S.)Big Bang Baby
33%
Album (2020)Perdida
33%
EP (2013)High Rise
29%
Original band name that had to be changed due to legal reasons before their first album releaseMighty Joe Young
29%
Music TV show where the current lead singer took part and got 2nd in 2013The X Factor
29%
Top 3 Billboard Alternative Rock Tracks (U.S.)Between The Lines
19%

Score Distribution

Percentile by Number Answered

Percent of People with Each Score

Your Score History

You have not taken this quiz